000 00977nam a22003017a 4500
001 BR2023000230
003 BR-BrBNA
005 20230928105716.0
007 ta
008 230509b bl.||||| |||| 00| 0 por d
040 _aBR-BrBNA
_bpor
_cBiblioteca Nacional de Agricultura
041 _a(Por)
072 _aM01; M11; M12
_b8100
090 _ 8100 BR2023000230
100 1 _aMatos, A. da C.
110 1 _aInstituto Interamericano de Cooperação para a Agricultura, Brasília, DF (Brasil)
_96380
245 1 _aDesenvolvimento da pesca e da aquicultura no estado do Maranhão: documento síntese do seminário nacional realizado em 04, 05 e 06 de junho de 2003, em São Luís, Maranhão
260 3 _aBrasília, DF (Brasil):
_c2003.
300 _a59 p.
500 _a3 tables
650 _aPEIXE
650 _aPESCA
650 _aPRODUÇÃO PESQUEIRA
650 _aAQUICULTURA
650 _aMARANHÃO
909 _a202309
_bLucia
_c55
_dLucia Elande
942 _cBK
999 _c86297
_d86297